1682 1907 1165 1869 1847 1418 1823 1287 1450 1056 1738 1855 1860 1453 1627 1749 1465 1804 1320 1839 1685 1285 1408 1162 1723 1505 1205 1540 1763 1172 1774 1699 1577 1870 1176 1064 1965 1368 1922 1229 1749 1105 1094 1019 1639 1248 1114 1652 1450 1589 1228 1486 1002 1565 1385 1569 1529 1087 1320 1481 1299 1371 1676 1104 1544 1751 1346 1966 1091 1273 1324 1610 1516 1475 1806 1795 1685 1518 1188 1486 1316 1505 1474 1011 1000 1042 1127 1176 1350 1480 1608 1260 1441 1653 1401 1362 1375 1381 1338 BCNSPRNW ULIB Ver.6.0+V

เปลี่ยนเป็นภาษาไทย

Change to English
 แสดงรายละเอียดบรรณานุกรม
  กลับหน้าหลัก

Brief Record : Get Marc (ISO 2709) : E-mail record : QR code < ปิดหน้าต่าง
LEADER : 00000nam 2200000uu 4500
001    13399126449
003     ULIB
008    180918s2560||||th 000 0 tha d
020    ^a9786164453265
060    ^aWG140 อ114T
100    ^aองค์การ เรืองรัตนอัมพร ไพศาล บุญศิริดำชัย และดำรงค์ สุกิจปัญญาโรจน์
245    ^aThe Electrocardiography : Self Study, Book I
250    ^aพิมพ์ครั้งที่ 1
260    ^aกรุงเทพฯ :^bพี เอ็น เค แอนด์ สกายพริ้นติ้งส์,^c2560
300    ^a258 หน้า^bภาพประกอบ
650    ^aคลื่นไฟฟ้าหัวใจ^xแปลผล
650    ^aThe Electrocardiography
945    ^p350^l0^i26652
945    ^p350^l0^i26651
999    ^aกัณชพร จุลอักษร
รายการนี้ยังไม่มีแท็ก
คุณยังไม่ได้ล็อกอิน คุณสามารถมีกิจกรรมร่วมกับเว็บไซต์ได้ แต่ต้องล็อกอินก่อน ::
  ล็อกอิน

รายการสื่อสารสนเทศ

ลำดับที่ ประเภท เลขเรียก/บาร์โค้ด สถานที่ สถานะ
1. หนังสือสำรอง
หนังสือสำรอง
WG140 อ114T ฉ.1 
  Barcode: 26651
ห้องสมุดวิทยาเขตนครสวรรค์
►หนังสือทั่วไป:l:General Books
บนชั้น
2. วิทยาศาสตร์การแพทย์ และสุขภาพ
วิทยาศาสตร์การแพทย์ และสุขภาพ
WG140 อ114T ฉ.2 
  Barcode: 26652
ห้องสมุดวิทยาเขตนครสวรรค์
►หนังสือทั่วไป:l:General Books
บนชั้น

รายการใกล้เคียง
    ชื่อเรื่อง [The Electrocardiography : Self Study, Book I]

    ผู้แต่ง [องค์การ เรืองรัตนอัมพร ไพศาล บุญศิริดำชัย และดำรงค์ สุกิจปัญญาโรจน์]

    หัวเรื่อง [The Electrocardiography]

BibComment


ยังไม่เคยถูกคอมเมนท์

คอมเมนท์ทรัพยากรรายการนี้
  คอมเมนท์: The Electrocardi..


 Copyright 2026. Bcnsprnw @Library